| 000 | 00685nam a22002177a 4500 | ||
|---|---|---|---|
| 003 | OSt | ||
| 005 | 20230113103335.0 | ||
| 008 | 230112b |||||||| |||| 00| 0 eng d | ||
| 020 | _a978 84 8215 370 4 | ||
| 040 | _cBiblioteca Lado V | ||
| 082 |
_a708 _bH812a |
||
| 100 |
_9522 _aHormaechea, Macarena _ecoordinacion |
||
| 245 | _aArco 07/ | ||
| 260 |
_aMadrid, España _bIFEMA Feria de Madrid _c2007 |
||
| 300 |
_a950p. _c25x25cm |
||
| 490 | _vVolumen II | ||
| 650 |
_2Tesauro de Arte & Arquitectura _aARTE |
||
| 650 |
_2Tesauro de Arte & Arquitectura _aCATALOGO |
||
| 650 |
_2Tesauro de Arte & Arquitectura _aARTE ESPAÑOL |
||
| 942 |
_2ddc _c1 _h708 _iH812a _n0 |
||
| 999 |
_c2767 _d2767 |
||